000 00774nam a2200193Ii 4500
003 JO-AjNU
008 230605s9999||||xx |||||||||||||| ||und||
040 _aJO-AjNU
_bara
_erda
_cJO-AjNU
041 _aara
050 1 4 _aKRM3025.S35.1987
100 3 _aصادق، هشام صادق علي,
_eauthor
_920881
245 0 0 _aموجز القانون الدولي الخاص : الجنسية المصرية
264 3 1 _aالاسكندرية : الدار الجامعية ، 1987
300 _a450ص
336 _atext
_btxt
_2rdacontent
337 _aunmediated
_bn
_2rdamedia
338 _avolume
_bnc
_2rdacarrier
650 4 _aالقانون الدولي الخاص -- مصر-- تنازع القوانين -- الجنسية -- قوانين وتشريعات -- مصر
_920882
999 _aA7159
_c10727
_d10727